Представление документа в формате RUSMARC

ПолеНазваниеЗначение
  Тип записи i
  Библиографический уровень m
001 Контрольный номер RU/IS/BASE/465930139
005 Дата корректировки 20260311114608.3
010 Индекс ISBN __
a ISBN 978-5-9677-2038-3
d Цена 256-50
100 Данные общей обработки __
a Данные общей обработки 19141006d2014||||||| 0rusy0189 ca
101 Язык документа 0_
a Язык текста rus
102 Страна публикации __
a Страна публикации RU|
105 Кодированные данные (монография) __
a Кодированные данные (монография) mu|||||||||zy
127 Кодированные данные (звукозаписи-физические характеристики) __
a Продолжительность проигрывания 1 ч 22 мин
200 Заглавие и сведения об ответственности 1_
a Заглавие Игроки
e Сведения, относящиеся к заглавию аудиоспектакль [Московского театра сатиры : 12+]
f Первые сведения об ответственности Н. В. Гоголь ; [постановка Валентина Плучека ; роли исполняют: Георгий Доре и др.]
b Общее обозначение материала Звукозапись
210 Выходные данные 1_
a Место издания Москва
c Издательство 1С-Паблишинг
c Издательство Агентство
d Дата издания 2014
215 Физическое описание __
a Объем 1 электрон. опт. диск (Audio CD)
c Иллюстрации/тип воспроизводства mp3, stereo
d Формат 12х14 см
225 Серия 2_
a Серия 1С: Аудиотеатр
230 Специфическая характеристика материала: электронные ресурсы __
a Обозначение и объем ресурса Электронные звуковые данные
323 Примечание о главных создателях, исполнителях, участниках __
a Примечание о главных создателях, исполнителях, участниках Доре, Г. (Ихарев)
323 Примечание о главных создателях, исполнителях, участниках __
a Примечание о главных создателях, исполнителях, участниках Лепко, В. (Швохнев)
323 Примечание о главных создателях, исполнителях, участниках __
a Примечание о главных создателях, исполнителях, участниках Ячницкий, А. (Утешительный)
323 Примечание о главных создателях, исполнителях, участниках __
a Примечание о главных создателях, исполнителях, участниках Димант, Ф. (Кругель)
323 Примечание о главных создателях, исполнителях, участниках __
a Примечание о главных создателях, исполнителях, участниках Каданов, Д. (Глов)
323 Примечание о главных создателях, исполнителях, участниках __
a Примечание о главных создателях, исполнителях, участниках Тусузов, Г. (Замухрышкин)
330 Аннотация __
a Аннотация Пьеса о нечестных людях, эксплуатирующих низменные страсти окружающих. Гоголь в сатирической форме высмеял ловкачей и обманщиков, жаждущих обогатиться за счет знакомых.
333 Примечание о целевом назначении __
a Примечание о целевом назначении 12+. Для детей старше 12 лет
337 Примечание о системных требованиях (электронные ресурсы) __
a Примечание о системных требованиях (электронные ресурсы) Системные требования: MS Windows ; Pentium 100 ; RAM 16 Мб ; SVGA, 800x600 ; CD/DVD-ROM ; звуковая карта ; колонки или наушники ; мышь ; аудиосистемы с поддержкой формата MP3: музыкальный центр ; CD/DVD-плеер и т.д.
606 Тематические рубрики __
a Основная рубрика Музыка и зрелищные искусства
606 Тематические рубрики __
a Основная рубрика Художественное радиовещание
610 Ключевые слова 0_
a Ключевые слова аудиоспектакли
a Ключевые слова классика
a Ключевые слова классическая литература
a Ключевые слова повести
a Ключевые слова проза
a Ключевые слова радиопостановки
a Ключевые слова радиоспектакли
a Ключевые слова тема карточной игры
a Ключевые слова тема обмана
a Ключевые слова тема сатиры
a Ключевые слова тема шулерства
686 Индексы других классификаций __
2 Код системы rubbks
a Классификационный индекс 85.381.3(2)-7я04; ст85.38я0
700 Автор _1
a Фамилия Гоголь
b Имя Н. В.
g Полное личное имя Николай Васильевич
4 Код отношения 070
702 Вторичная интеллектуальная ответственность _1
a Фамилия Плучек
b Имя В.
4 Код отношения Прочие
4 Код отношения 570
711 Наименование организации. (Альтернативная ответственность) 02
a Организация/ юрисдикция Московский театр сатиры
801 Источник записи _0
a Страна RU
b Организация Муниципальное бюджетное учреждение культуры "Централизованная библиотечная система" г. Сургут (Центральная городская библиотека им. А. С. Пушкина)
c Дата составления 20141006
g Правила каталогизации КиК/Котельникова
801 Источник записи _1
a Страна RU
b Организация Муниципальное бюджетное учреждение культуры "Централизованная библиотечная система" г. Сургут (Центральная городская библиотека им. А. С. Пушкина)
c Дата составления 20141006
g Правила каталогизации КиК/Котельникова
852 Данные о местонахождении __
j Шифр хранения 85.381.3(2)-7я04
i Авторский знак Г 58
901 Тип документа __
t Тип документа 0
903 Характеристики (МАРС) __
a Дата передачи 20141006
969 Тип издания __
a Тип издания аудиоспектакль; издание для слепых
990 Данные о заказе (DOS) __
j Количество экземпляров (DOS) 1; 10
t N записи в КСУ для И/У (DOS) 201504; 201410